000
00299nam a22001337a 4500
008
181030b xxu||||| |||| 00| 0 eng d
020
_a
087564
041
_a
eng
080
_a
616.12
100
_a
7
101
_a
KAR
245
_a
Patient Care in Cardiac Surgery
_c
Behrendt, D.M
942
_2
udc
_c
BK
999
_c
51105
_d
51105